Discovering the Inca Ice Maiden : my adventures on Ampato / by Johan Reinhard.
A first-person account of the 1995 discovery of the over 500-year-old Peruvian ice mummy on Mount Ampato and a description of the subsequent retrieval and scientific study.
Record details
- ISBN: 0792271424
- Physical Description: 48 pages : color illustrations ; 29 cm.
- Publisher: Washington, D.C. : National Geographic Society, c1998.
Content descriptions
| General Note: | Includes index. |
Search for related items by subject
| LDR | 01595cam a2200397 a 4500 | ||
|---|---|---|---|
| 001 | 125309 | ||
| 003 | CONS | ||
| 005 | 20140703073302.0 | ||
| 008 | 970812s1998 dcua j 001 0 eng | ||
| 010 | . | ‡a 97031291 /AC | |
| 020 | . | ‡a0792271424 | |
| 035 | . | ‡a(CPomAG)LMN491255 | |
| 043 | . | ‡as-pe--- | |
| 050 | 0 | 0. | ‡aF3429.3.M8 ‡bR45 1998 |
| 082 | 0 | 0. | ‡a985/.019 ‡221 |
| 100 | 1 | . | ‡aReinhard, Johan. |
| 245 | 1 | 0. | ‡aDiscovering the Inca Ice Maiden : ‡bmy adventures on Ampato / ‡cby Johan Reinhard. |
| 246 | 3 | 0. | ‡aInca Ice Maiden |
| 260 | . | ‡aWashington, D.C. : ‡bNational Geographic Society, ‡cc1998. | |
| 300 | . | ‡a48 pages : ‡bcolor illustrations ; ‡c29 cm. | |
| 500 | . | ‡aIncludes index. | |
| 520 | . | ‡aA first-person account of the 1995 discovery of the over 500-year-old Peruvian ice mummy on Mount Ampato and a description of the subsequent retrieval and scientific study. | |
| 650 | 0. | ‡aIncas ‡xAntiquities ‡vJuvenile literature. | |
| 650 | 0. | ‡aMummies ‡zPeru ‡zAmpato, Mount (Arequipa) ‡vJuvenile literature. | |
| 600 | 1 | 0. | ‡aReinhard, Johan ‡vJuvenile literature. |
| 650 | 0. | ‡aArchaeology ‡xMethodology ‡vJuvenile literature. | |
| 651 | 0. | ‡aPeru ‡xAntiquities ‡vJuvenile literature. | |
| 650 | 1. | ‡aIncas ‡xAntiquities. | |
| 650 | 1. | ‡aMummies. | |
| 600 | 1 | 1. | ‡aReinhard, Johan. |
| 651 | 1. | ‡aPeru ‡xAntiquities. | |
| 650 | 1. | ‡aIndians of South America ‡xAntiquities. | |
| 650 | 1. | ‡aArchaeology. | |
| 710 | 2 | . | ‡aNational Geographic Society (U.S.) |
| 959 | . | ‡i32269000555360 ‡lJ985.019 Rei ‡aJuvenile - NonFiction ‡tJuv Nonfiction ‡g17.95 | |
| 852 | . | ‡p32269000555360 ‡jJ985.019 Rei ‡gJuvenile - NonFiction ‡cJuv Nonfiction ‡y17.95 ‡bSBPL | |
| 901 | . | ‡a125309 ‡bUnknown ‡c125309 ‡tbiblio | |